[Event "SLO-chT1 West"]
[Site "Slovenia"]
[Date "2022.10.22"]
[Round "8.4"]
[White "Jelen, Igor"]
[Black "Plaskan, Jure"]
[Result "0-1"]
[WhiteElo "2320"]
[BlackElo "2217"]
[PlyCount "118"]
[EventDate "2022.10.07"]
[EventType "team-tourn"]
[EventRounds "9"]
[EventCountry "SLO"]
[SourceTitle "EXT 2024"]
[Source "ChessBase"]
[SourceDate "2023.10.10"]
[SourceVersion "1"]
[SourceVersionDate "2023.10.10"]
[SourceQuality "1"]
[WhiteTeam "Ig"]
[BlackTeam "Domzale Tajfun"]
[WhiteTeamCountry "SLO"]
[BlackTeamCountry "SLO"]

1. d4 Nf6 2. c4 e6 3. Nc3 d5 4. cxd5 exd5 5. Bg5 Be7 6. e3 c6 7. Bd3 h6 8. Bh4 0-0 9. Nge2 Nbd7 10. f3 Re8 11. 0-0 b5 12. Rc1 a5 13. Bf2 a4 14. h3 Bf8 15. Ng3 Nb6 16. b3 Ba6 17. e4 b4 18. Nce2 Bxd3 19. Qxd3 Nfd7 20. Rfd1 axb3 21. axb3 Ra3 22. Rxc6 Nc4 23. Rxc4 dxc4 24. Qxc4 Qa8 25. Nf5 Rc8 26. Qd3 Ra2 27. Ne3 Qa3 28. Nc4 Qa6 29. Nf4 Nb6 30. Nxb6 Qxb6 31. Nd5 Qg6 32. Rd2 Rc1+ 33. Kh2 Raa1 34. g3 Qe6 35. Kg2 Qc8 36. e5 Rh1 37. g4 h5 38. Rc2 Qa8 39. Nf4 hxg4 40. hxg4 Rad1 41. Qc4 Qa1 42. Nh3 Rc1 43. Rxc1 Rxc1 44. Qd5 Qa6 45. Ng5 Qg6 46. Be3 Rc3 47. Bd2 Rc2 48. Ne4 Qh6 49. Kg3 Rxd2 50. Nxd2 Qxd2 51. Qe4 Qd1 52. d5 Qg1+ 53. Kh3 Be7 54. f4 Qf1+ 55. Kg3 Bc5 56. Qg2 Qe1+ 57. Kh3 g5 58. Qf3 Qc1 59. Kg3 Be3 0-1

[Event "SLO-chT1 West"]
[Site "Slovenia"]
[Date "2022.10.08"]
[Round "2.2"]
[White "Jelen, Igor"]
[Black "Justin, Matjaz"]
[Result "1/2-1/2"]
[WhiteElo "2320"]
[BlackElo "2250"]
[PlyCount "81"]
[EventDate "2022.10.07"]
[EventType "team-tourn"]
[EventRounds "9"]
[EventCountry "SLO"]
[SourceTitle "CBM 210 Extra"]
[Source "ChessBase"]
[SourceDate "2022.11.30"]
[SourceVersion "1"]
[SourceVersionDate "2022.11.30"]
[SourceQuality "1"]
[WhiteTeam "Ig"]
[BlackTeam "Vrhnika"]
[WhiteTeamCountry "SLO"]
[BlackTeamCountry "SLO"]

1. d4 Nf6 2. c4 e6 3. Nc3 Bb4 4. e3 c5 5. Bd3 Nc6 6. Nf3 Bxc3+ 7. bxc3 d6 8. e4 e5 9. d5 Ne7 10. Nd2 h6 11. Nf1 Qc7 12. Ne3 Bd7 13. 0-0 g5 14. Qf3 Neg8 15. Rb1 0-0-0 16. Re1 Kb8 17. Bc2 Bc8 18. Nf5 g4 19. Qg3 Ne7 20. Qh4 Nxf5 21. Qxf6 Qe7 22. Qxe7 Nxe7 23. f4 gxf3 24. g3 Rdf8 25. Rb2 f5 26. Rf1 f4 27. Bd1 fxg3 28. hxg3 Rhg8 29. Kh2 Bg4 30. Rbf2 h5 31. Bxf3 Nc8 32. Bg2 Rxf2 33. Rxf2 Nb6 34. Bf1 Nd7 35. Bh6 Rg6 36. Bf8 Kc7 37. Be7 Rg7 38. Bh4 Rg8 39. Be7 Rg7 40. Bh4 Rg8 41. Be7 1/2-1/2

[Event "Nova Gorica op 25th"]
[Site "Nova Gorica"]
[Date "2020.01.28"]
[Round "7"]
[White "Tadic, Branko"]
[Black "Jelen, Igor"]
[Result "1-0"]
[WhiteElo "2505"]
[BlackElo "2336"]
[PlyCount "69"]
[EventDate "2020.01.24"]
[EventType "swiss"]
[EventRounds "9"]
[EventCountry "SLO"]
[SourceTitle "CBM 194"]
[Source "ChessBase"]
[SourceDate "2020.01.27"]
[SourceVersion "1"]
[SourceVersionDate "2020.01.27"]
[SourceQuality "1"]

1. c4 Nf6 2. Nc3 d5 3. cxd5 Nxd5 4. g3 c5 5. Bg2 Nc7 6. Qa4+ Qd7 7. Qxd7+ Nxd7 8. b3 Rb8 9. Bb2 b6 10. Rc1 e5 11. f4 exf4 12. gxf4 Be7 13. Nf3 Bb7 14. Rg1 Bf6 15. Ng5 Bxg2 16. Rxg2 0-0 17. Nge4 Bh4+ 18. Kd1 Nf6 19. Kc2 Ne6 20. e3 Nxe4 21. Nxe4 f5 22. Nc3 Rbd8 23. Ne2 Bf6 24. Ng1 Nc7 25. Nf3 Nd5 26. a3 Bxb2 27. Kxb2 Rd6 28. Rcg1 g6 29. Rg5 Ne7 30. h4 Kg7 31. h5 Rff6 32. Kc2 Nc6 33. R5g2 Rd8 34. Rh1 Rff8 35. Ng5 1-0

[Event "Nova Gorica op 25th"]
[Site "Nova Gorica"]
[Date "2020.01.26"]
[Round "4"]
[White "Jelen, Igor"]
[Black "Marchesich, Giovanni"]
[Result "1/2-1/2"]
[WhiteElo "2336"]
[BlackElo "1980"]
[PlyCount "46"]
[EventDate "2020.01.24"]
[EventType "swiss"]
[EventRounds "9"]
[EventCountry "SLO"]
[SourceTitle "CBM 194"]
[Source "ChessBase"]
[SourceDate "2020.01.27"]
[SourceVersion "1"]
[SourceVersionDate "2020.01.27"]
[SourceQuality "1"]

1. d4 Nf6 2. c4 g6 3. Nc3 Bg7 4. e4 d6 5. Be2 0-0 6. Nf3 e5 7. 0-0 Nc6 8. d5 Ne7 9. b4 Ne8 10. c5 f5 11. Bc4 Nf6 12. Re1 Kh8 13. a4 h6 14. Ba3 g5 15. b5 Ng6 16. exf5 Bxf5 17. Nd2 Nf4 18. Nde4 Nxe4 19. Nxe4 Bxe4 20. Rxe4 Qf6 21. Ra2 Qf5 22. Qe1 Rf6 23. Rd2 Nxg2 1/2-1/2

[Event "Nova Gorica op 25th"]
[Site "Nova Gorica"]
[Date "2020.01.25"]
[Round "3"]
[White "Doric, Darko"]
[Black "Jelen, Igor"]
[Result "1-0"]
[WhiteElo "2481"]
[BlackElo "2336"]
[PlyCount "99"]
[EventDate "2020.01.24"]
[EventType "swiss"]
[EventRounds "9"]
[EventCountry "SLO"]
[SourceTitle "CBM 194"]
[Source "ChessBase"]
[SourceDate "2020.01.27"]
[SourceVersion "1"]
[SourceVersionDate "2020.01.27"]
[SourceQuality "1"]

1. d4 Nf6 2. c4 g6 3. Nc3 d5 4. cxd5 Nxd5 5. e4 Nxc3 6. bxc3 Bg7 7. Nf3 c5 8. Be3 0-0 9. Qd2 Qa5 10. Rb1 a6 11. Rc1 Rd8 12. d5 Nc6 13. h4 e6 14. h5 exd5 15. hxg6 hxg6 16. Bh6 Ne5 17. Bxg7 Nxf3+ 18. gxf3 Kxg7 19. Qh6+ Kf6 20. Qh4+ Ke6 21. exd5+ Kd7 22. Qg4+ Kc7 23. Qf4+ Kb6 24. Qxf7 Ka7 25. Bd3 Bf5 26. Bxf5 gxf5 27. Rh7 Qb5 28. Rh6 Rf8 29. Qc7 Rg8 30. Kd2 Rg2 31. Ke3 Re8+ 32. Re6 Rxe6+ 33. dxe6 Qb2 34. Qxc5+ Ka8 35. Rf1 Rg6 36. Kd3 Qxa2 37. Re1 Rg8 38. e7 Re8 39. Qxf5 Qxf2 40. Re2 Qg1 41. Kd2 Qg7 42. Qd7 Qh6+ 43. Kd1 Qh1+ 44. Kc2 Qh5 45. Re4 Qg6 46. Kb2 Ka7 47. Qd4+ Ka8 48. Qd7 Ka7 49. Ka3 Qf7 50. f4 1-0

[Event "Nova Gorica op 25th"]
[Site "Nova Gorica"]
[Date "2020.01.24"]
[Round "1"]
[White "Mestek, Igor"]
[Black "Jelen, Igor"]
[Result "0-1"]
[WhiteElo "2089"]
[BlackElo "2336"]
[PlyCount "76"]
[EventDate "2020.01.24"]
[EventType "swiss"]
[EventRounds "9"]
[EventCountry "SLO"]
[SourceTitle "CBM 194"]
[Source "ChessBase"]
[SourceDate "2020.01.27"]
[SourceVersion "1"]
[SourceVersionDate "2020.01.27"]
[SourceQuality "1"]

1. Nf3 Nf6 2. d4 g6 3. g3 Bg7 4. Bg2 0-0 5. 0-0 d5 6. c4 dxc4 7. Nc3 c6 8. e4 b5 9. a3 Bb7 10. Re1 Na6 11. Qe2 Nc7 12. Bf4 Ne6 13. Be5 Qb6 14. Rad1 Rad8 15. h3 Bh6 16. d5 cxd5 17. Bxf6 exf6 18. exd5 Nc5 19. Qe7 Rd7 20. Qe2 Nd3 21. Rf1 Rdd8 22. b3 a6 23. bxc4 bxc4 24. Rb1 Qc7 25. Nd4 f5 26. d6 Qxd6 27. Nxf5 gxf5 28. Rxb7 Qe5 29. Qc2 Rfe8 30. Nd1 Rc8 31. Ne3 Bxe3 32. fxe3 Qxg3 33. Kh1 Rc5 34. Rf3 Qh4 35. Kh2 Qf6 36. Qb1 Kh8 37. Rb6 Qe5+ 38. Kh1 c3 0-1

[Event "SLO-chT 29th"]
[Site "Slovenia"]
[Date "2019.12.22"]
[Round "9.4"]
[White "Muha, Miljenko"]
[Black "Jelen, Igor"]
[Result "1/2-1/2"]
[WhiteElo "2343"]
[BlackElo "2350"]
[PlyCount "103"]
[EventDate "2019.09.06"]
[EventType "team-tourn"]
[EventRounds "9"]
[EventCountry "SLO"]
[SourceTitle "CBM 195 Extra"]
[Source "ChessBase"]
[SourceDate "2020.05.31"]
[SourceVersion "1"]
[SourceVersionDate "2020.05.31"]
[SourceQuality "1"]
[WhiteTeam "Krsko Triglav"]
[BlackTeam "Ig"]
[WhiteTeamCountry "SLO"]
[BlackTeamCountry "SLO"]

1. Nf3 c5 2. c4 Nf6 3. Nc3 Nc6 4. e3 e6 5. d4 d5 6. cxd5 exd5 7. Bb5 Bd6 8. dxc5 Bxc5 9. 0-0 0-0 10. b3 Bg4 11. Bb2 Rc8 12. h3 Bh5 13. Be2 Bd6 14. Nd4 Bg6 15. Nxc6 bxc6 16. Ba6 Rc7 17. Bd3 Qe7 18. Ne2 Rd8 19. Rc1 c5 20. Bxg6 hxg6 21. Kh1 Qe6 22. Rc2 g5 23. Bxf6 gxf6 24. Ng1 Rcd7 25. Qg4 Kg7 26. Nf3 Rh8 27. Kg1 Qxg4 28. hxg4 f5 29. Rd1 fxg4 30. Nxg5 Kg6 31. f4 d4 32. Ne4 Re8 33. Nxd6 Rxd6 34. Rxc5 Rxe3 35. Kf2 g3+ 36. Kf1 f6 37. Re1 Rxe1+ 38. Kxe1 Re6+ 39. Kd2 Re4 40. Rc8 Kf5 41. Kd3 Kxf4 42. Rd8 Re1 43. Rxd4+ Kg5 44. Ra4 f5 45. Rxa7 Rg1 46. Ke2 Kg4 47. Ke3 f4+ 48. Ke4 Re1+ 49. Kd3 Rg1 50. Ke4 Re1+ 51. Kd3 Rf1 52. Ke4 1/2-1/2

[Event "SLO-chT Central 20th"]
[Site "Slovenia"]
[Date "2019.09.26"]
[Round "3.1"]
[White "Debevec, Blaz"]
[Black "Jelen, Igor"]
[Result "1/2-1/2"]
[WhiteElo "2213"]
[BlackElo "2350"]
[PlyCount "68"]
[EventDate "2019.09.12"]
[EventType "team-tourn"]
[EventRounds "7"]
[EventCountry "SLO"]
[SourceTitle "EXT 2024"]
[Source "ChessBase"]
[SourceDate "2023.10.10"]
[SourceVersion "1"]
[SourceVersionDate "2023.10.10"]
[SourceQuality "1"]
[WhiteTeam "Komenda Popotnik"]
[BlackTeam "Ig"]
[WhiteTeamCountry "SLO"]
[BlackTeamCountry "SLO"]

1. e4 c5 2. Ne2 Nc6 3. Nbc3 Nf6 4. d4 cxd4 5. Nxd4 e5 6. Ndb5 d6 7. Bg5 a6 8. Na3 b5 9. Nd5 Be7 10. Bxf6 Bxf6 11. c4 b4 12. Nc2 0-0 13. g3 a5 14. Bg2 Bg5 15. 0-0 Ne7 16. b3 Nxd5 17. Qxd5 Be6 18. Qd3 Qb6 19. Rad1 Ra6 20. Kh1 a4 21. f4 axb3 22. axb3 Bd8 23. Ra1 Rxa1 24. Rxa1 exf4 25. gxf4 Bf6 26. Rd1 Rd8 27. Ne3 Qc5 28. Nd5 Bxd5 29. Qxd5 g6 30. e5 Be7 31. e6 Qxd5 32. Bxd5 fxe6 33. Bxe6+ Kg7 34. Bd5 Bh4 1/2-1/2

[Event "SLO-chT 29th"]
[Site "Slovenia"]
[Date "2019.09.06"]
[Round "1.3"]
[White "Jelen, Igor"]
[Black "Ribli, Zoltan"]
[Result "0-1"]
[WhiteElo "2350"]
[BlackElo "2534"]
[PlyCount "98"]
[EventDate "2019.09.06"]
[EventType "team-tourn"]
[EventRounds "9"]
[EventCountry "SLO"]
[SourceTitle "CBM 192 Extra"]
[Source "Chessbase"]
[SourceDate "2019.11.06"]
[SourceVersion "1"]
[SourceVersionDate "2019.11.06"]
[SourceQuality "1"]
[WhiteTeam "Ig"]
[BlackTeam "Murska Sobota Radenska"]
[WhiteTeamCountry "SLO"]
[BlackTeamCountry "SLO"]

1. d4 Nf6 2. c4 e6 3. Nc3 Bb4 4. e3 0-0 5. Bd3 c5 6. Nf3 d5 7. 0-0 cxd4 8. exd4 dxc4 9. Bxc4 b6 10. Bg5 Bb7 11. Qe2 Nbd7 12. Rac1 Bxc3 13. Rxc3 Qb8 14. Rd3 h6 15. Bd2 Qd6 16. Rd1 Rac8 17. b3 Rfd8 18. h3 Bd5 19. Ne5 Bxc4 20. Nxc4 Qd5 21. Bb4 Ra8 22. Be7 Re8 23. Ba3 Rec8 24. Qb2 Qh5 25. Bd6 Nd5 26. a4 Rc6 27. Re1 Rac8 28. Bg3 a6 29. Qe2 Qxe2 30. Rxe2 b5 31. axb5 axb5 32. Nd6 Ra8 33. Nxb5 Ra5 34. Nd6 Ra1+ 35. Kh2 Rcc1 36. Be5 f6 37. Kg3 fxe5 38. dxe5 Rd1 39. Rxd1 Rxd1 40. f4 Rd3+ 41. Kg4 h5+ 42. Kg5 Rg3+ 43. Kh4 Nxf4 44. Kxg3 Nxe2+ 45. Kh4 Nf4 46. g3 Ne2 47. Kxh5 Nxg3+ 48. Kg4 Ne2 49. Nc4 Nd4 0-1

[Event "Pula op 33rd"]
[Site "Pula"]
[Date "2019.06.29"]
[Round "9"]
[White "Medak, Bojan"]
[Black "Jelen, Igor"]
[Result "1/2-1/2"]
[WhiteElo "2342"]
[BlackElo "2353"]
[PlyCount "79"]
[EventDate "2019.06.22"]
[EventType "swiss"]
[EventRounds "9"]
[EventCountry "CRO"]
[SourceTitle "CBM 191 Extra"]
[Source "ChessBase"]
[SourceDate "2019.09.30"]
[SourceVersion "1"]
[SourceVersionDate "2019.09.30"]
[SourceQuality "1"]

1. c4 Nf6 2. Nf3 g6 3. b3 Bg7 4. Bb2 0-0 5. g3 c5 6. Bg2 Nc6 7. 0-0 d5 8. cxd5 Nxd5 9. Bxg7 Kxg7 10. d4 cxd4 11. Nxd4 Ndb4 12. Nxc6 Nxc6 13. Nc3 Qa5 14. Bxc6 Qxc3 15. Bg2 Rb8 16. Rc1 Qe5 17. Qc2 Rd8 18. Qc7 Qxc7 19. Rxc7 Rd7 20. Rfc1 Rxc7 21. Rxc7 Kf8 22. b4 Ke8 23. Bd5 Kd8 24. Rc3 e6 25. Bb3 h5 26. Ba4 Bd7 27. Rd3 b5 28. Bb3 Rc8 29. f4 Rc1+ 30. Kf2 Kc7 31. Ke3 Rh1 32. h4 Bc6 33. Kd4 Kd6 34. Bc2 Rh2 35. Ke3+ Kc7 36. Rc3 Kb6 37. Kd2 a6 38. a3 Kb7 39. Ke3 Bd5 40. Bb3 1/2-1/2

[Event "Pula op 33rd"]
[Site "Pula"]
[Date "2019.06.26"]
[Round "6"]
[White "Jelen, Igor"]
[Black "Urh, Zala"]
[Result "1/2-1/2"]
[WhiteElo "2353"]
[BlackElo "2127"]
[PlyCount "85"]
[EventDate "2019.06.22"]
[EventType "swiss"]
[EventRounds "9"]
[EventCountry "CRO"]
[SourceTitle "CBM 191 Extra"]
[Source "ChessBase"]
[SourceDate "2019.09.30"]
[SourceVersion "1"]
[SourceVersionDate "2019.09.30"]
[SourceQuality "1"]

1. d4 Nf6 2. c4 e6 3. Nc3 Bb4 4. e3 0-0 5. Bd3 d5 6. Nf3 b6 7. 0-0 Bb7 8. cxd5 exd5 9. Ne5 c5 10. f4 Nc6 11. Ne2 Rc8 12. a3 Ba5 13. Ng3 c4 14. Bc2 b5 15. Nh5 Rc7 16. Kh1 Nxh5 17. Qxh5 g6 18. Qh6 f6 19. Nf3 Qe7 20. g4 Qg7 21. Qh3 Re7 22. g5 fxg5 23. Nxg5 Bc8 24. Qg2 Rd8 25. Bd2 Bxd2 26. Qxd2 Qf6 27. Nf3 Bf5 28. Ne5 Rc7 29. Rf2 Rb8 30. Rg1 b4 31. Nxc6 Rxc6 32. axb4 Rcb6 33. Rg5 Bxc2 34. Qxc2 Rxb4 35. Rxd5 Qc6 36. e4 Qa6 37. Qc1 c3 38. Qxc3 Rxb2 39. Rd8+ Rxd8 40. Qxb2 Qc4 41. Qa2 Qxa2 42. Rxa2 Rxd4 43. f5 1/2-1/2

[Event "SLO-ch 29th"]
[Site "Radenci"]
[Date "2019.05.04"]
[Round "9"]
[White "Skuhala, Jernej"]
[Black "Jelen, Igor"]
[Result "0-1"]
[WhiteElo "2276"]
[BlackElo "2351"]
[PlyCount "69"]
[EventDate "2019.04.27"]
[EventType "swiss"]
[EventRounds "9"]
[EventCountry "SLO"]
[SourceTitle "CBM 190 Extra"]
[Source "ChessBase"]
[SourceDate "2019.07.15"]
[SourceVersion "1"]
[SourceVersionDate "2019.07.15"]
[SourceQuality "1"]

1. e4 c5 2. Nf3 Nc6 3. d4 cxd4 4. Nxd4 Nf6 5. Nc3 e5 6. Ndb5 d6 7. Bg5 a6 8. Na3 b5 9. Bxf6 gxf6 10. Nd5 f5 11. g3 Bg7 12. exf5 Bxf5 13. Bg2 Be6 14. c3 0-0 15. Nc2 f5 16. 0-0 a5 17. Re1 Rc8 18. Qe2 b4 19. cxb4 axb4 20. Ndxb4 Nxb4 21. Nxb4 e4 22. a3 Bc4 23. Qd2 d5 24. Rad1 d4 25. g4 Qh4 26. Rc1 Qxg4 27. b3 Bxb3 28. Nc6 Kh8 29. h3 Qh4 30. Qb4 d3 31. f3 Bd5 32. Ne7 Rb8 33. Nxf5 Qg5 34. Qc5 exf3 35. Ne3 0-1

[Event "SLO-ch 29th"]
[Site "Radenci"]
[Date "2019.04.27"]
[Round "1"]
[White "Florjancic, Rudolf"]
[Black "Jelen, Igor"]
[Result "0-1"]
[WhiteElo "1779"]
[BlackElo "2351"]
[PlyCount "86"]
[EventDate "2019.04.27"]
[EventType "swiss"]
[EventRounds "9"]
[EventCountry "SLO"]
[SourceTitle "CBM 190 Extra"]
[Source "ChessBase"]
[SourceDate "2019.07.15"]
[SourceVersion "1"]
[SourceVersionDate "2019.07.15"]
[SourceQuality "1"]

1. d4 Nf6 2. c4 g6 3. Nf3 Bg7 4. g3 0-0 5. Bg2 d5 6. cxd5 Nxd5 7. 0-0 Nb6 8. Nc3 Nc6 9. e3 Re8 10. Qb3 Be6 11. Qd1 a5 12. Ng5 Bc4 13. Re1 e5 14. h4 exd4 15. exd4 Rxe1+ 16. Qxe1 Nxd4 17. Qe4 h6 18. Nh3 c6 19. Be3 Bd3 20. Qg4 Nc4 21. Bxd4 Qxd4 22. Qxd4 Bxd4 23. Rc1 Nxb2 24. Nf4 Bf5 25. Ne4 Rd8 26. Nc5 Bxc5 27. Rxc5 Rd1+ 28. Kh2 a4 29. Ra5 Ra1 30. Ra7 Rxa2 31. Rxb7 Nd1 32. Bxc6 Nxf2 33. Bd5 Ng4+ 34. Kg1 Ra1+ 35. Kg2 Ne3+ 36. Kf3 Nxd5 37. Nxd5 Be6 38. Ne3 Kg7 39. Ra7 Bb3 40. g4 a3 41. g5 hxg5 42. hxg5 a2 43. Kf4 Rc1 0-1

[Event "Otocec Krka Terme op"]
[Site "Otocec"]
[Date "2018.12.29"]
[Round "9"]
[White "Jelen, Igor"]
[Black "Pozun, Matej"]
[Result "1-0"]
[WhiteElo "2328"]
[BlackElo "2029"]
[PlyCount "103"]
[EventDate "2018.12.25"]
[EventType "swiss"]
[EventRounds "9"]
[EventCountry "SLO"]
[SourceTitle "EXT 2020"]
[Source "ChessBase"]
[SourceDate "2019.10.17"]
[SourceVersion "1"]
[SourceVersionDate "2019.10.17"]
[SourceQuality "1"]

1. d4 Nf6 2. c4 g6 3. Nc3 d5 4. cxd5 Nxd5 5. e4 Nxc3 6. bxc3 Bg7 7. Nf3 c5 8. Be3 Qa5 9. Nd2 cxd4 10. Nc4 Qc7 11. cxd4 0-0 12. Rc1 b5 13. Ne5 Qd6 14. f4 Bb7 15. Bd3 Nc6 16. Nxc6 Bxc6 17. d5 Bb7 18. 0-0 a6 19. a4 Rac8 20. Qb3 f5 21. axb5 fxe4 22. Bc4 axb5 23. Qxb5 Ba8 24. Ba2 Kh8 25. Rfd1 Qa3 26. Qb3 Qxb3 27. Bxb3 Rfd8 28. Kf2 Bb2 29. Rxc8 Rxc8 30. Bd4+ Bxd4+ 31. Rxd4 Rc3 32. Rb4 Kg7 33. Ke2 Rd3 34. Bc4 Ra3 35. Bb3 Kf6 36. g4 Ra5 37. Rd4 Rb5 38. Bc4 Rb2+ 39. Ke3 Rxh2 40. Rxe4 Rh1 41. Re6+ Kf7 42. Rb6 Ra1 43. d6+ e6 44. d7 Ke7 45. Bxe6 Re1+ 46. Kd2 Rxe6 47. Rxe6+ Kxd7 48. Re3 Bd5 49. Ke2 Be6 50. Kf3 h5 51. gxh5 gxh5 52. Kg3 1-0